01586nam a2200421 i 450000100060000000300080000600500170001400600190003100700150005000800410006502000310010602000310013703500230016804000310019105000200022208000090024208200120025110000480026324501250031126400360043630000410047233600310051333700330054433800430057749000320062058800830065259001620073565000140089765000170091165000170092865000160094565500270096170000450098879700180103383000330105185600630108499900170114726529FINmELB20241216215917.0m o u cr cn|||||||||230105s2021 ck o 000 0 spa d a978-958-660-569-4qDigital z978-958-660-568-7qimpreso a(OCoLC) 1363111873 aFINmELBbspaerdacFINmELB 4aB52b.M668 2021 a1:3204a1072231 aMontero González, Martha Soledad,eautor.10aPolítica y Academia /cMartha Soledad Montero González, Esaú Ricardo Páez Guzmán (Investigadores principales). 1aTunja :bEditorial UPTC,c2021. a1 recurso en línea (188 páginas) atextobtxt2rdacontent/spa acomputadorabc2rdamedia/spa arecurso en líneabcr2rdacarrier/spa1 aColección Investigación aDescripción basada en metadatos suministrados por el editor y otras fuentes. aRecurso electrónico. Santa Fe, Arg.: elibro, 2023. Disponible vía World Wide Web. El acceso puede estar limitado para las bibliotecas afiliadas a elibro. 4aAcademia. 4aEducación. 4aFilosofía. 4aPolítica. 4aLibros electrónicos.1 aPáez Guzmán, Esaú Ricardo,eautor.2 aelibro, Corp. 0aColección Investigación.40uhttps://elibro.net/ereader/politecnicointernacional/219252 c26529d26529